Sports Quiz

Random Sports Quiz

Pirates Starting Rotation Quiz Stats

 Plays Quiz not verified by Sporcle

Challenge
Share
Tweet
Embed
Score 0/5 Timer 03:00
0 Plays Today
Hint Ace % Correct
He sucksPaul Maholm
91.9%
He sucksZach Duke
89.2%
He sucksRoss Ohlendorf
75.7%
He sucksJeff Karstens
51.4%
He sucksBrad Lincoln
27%

You're not logged in!

Compare scores with friends on all Sporcle quizzes.
Join for Free
OR
Log In

You Might Also Like...

Show Comments

Extras

Created Aug 9, 2010ReportNominate
Tags:pirate, rotation, starting

Top Quizzes Today


Score Distribution

Your Account Isn't Verified!

In order to create a playlist on Sporcle, you need to verify the email address you used during registration. Go to your Sporcle Settings to finish the process.

Report this User

Report this user for behavior that violates our Community Guidelines.

Details: